000
00294nam a2200133Ia 4500
008
100328s9999 xx 000 0 und d
082
_b
15042
100
_a
Dell Herman Wouk
245
_a
The City Boy
260
_b
Dell
630
_a
The City Boy
730
_a
The City Boy
942
_c
BOOK
999
_c
509913
_d
509910